| 000 | 00611nam a22001817a 4500 | ||
|---|---|---|---|
| 005 | 20231121135648.0 | ||
| 008 | 231121b |||||||| |||| 00| 0 eng d | ||
| 020 | _a0702136360 | ||
| 041 | _aEnglish | ||
| 082 | _a342.8 DAV | ||
| 100 |
_aDavis, D ; Cheadle, H and Haysom, N _lEnglish |
||
| 245 |
_aFundamental Rights in the Constitution : _bCommentary and Cases / _cD Davis, H Cheadle and N Haysom |
||
| 250 | _aFirst Edition | ||
| 260 |
_aCape Town : _bJuta and Company Ltd, _c1997 |
||
| 300 |
_b773 pages ; _c25 cm. |
||
| 650 |
_aLegal practice _bLaw |
||
| 942 |
_cBK _6ALISON_BN_VRIES |
||
| 999 |
_c849 _d849 |
||